<?xml version="1.0" encoding="UTF-8"?>
<record
    xmlns:xsi="http://www.w3.org/2001/XMLSchema-instance"
    xsi:schemaLocation="http://www.loc.gov/MARC21/slim http://www.loc.gov/standards/marcxml/schema/MARC21slim.xsd"
    xmlns="http://www.loc.gov/MARC21/slim">

  <leader>02697cam a2200349 a 4500</leader>
  <controlfield tag="003">EG-GiCUC</controlfield>
  <controlfield tag="005">20250223032255.0</controlfield>
  <controlfield tag="008">190505s2018    ua dho f m    000 0 eng d</controlfield>
  <datafield tag="040" ind1=" " ind2=" ">
    <subfield code="a">EG-GiCUC</subfield>
    <subfield code="b">eng</subfield>
    <subfield code="c">EG-GiCUC</subfield>
  </datafield>
  <datafield tag="041" ind1="0" ind2=" ">
    <subfield code="a">eng</subfield>
  </datafield>
  <datafield tag="049" ind1=" " ind2=" ">
    <subfield code="a">Deposite </subfield>
  </datafield>
  <datafield tag="097" ind1=" " ind2=" ">
    <subfield code="a">Ph.D</subfield>
  </datafield>
  <datafield tag="099" ind1=" " ind2=" ">
    <subfield code="a">Cai01.24.03.Ph.D.2018.Sh.E</subfield>
  </datafield>
  <datafield tag="100" ind1="0" ind2=" ">
    <subfield code="a">Shahenda Ahmad Ramez</subfield>
  </datafield>
  <datafield tag="245" ind1="1" ind2="0">
    <subfield code="a">Evaluation of the topical delivery of methotrexate combined with fractional erbium : </subfield>
    <subfield code="b">YAG laser in the treatment of plaque psoriasis / </subfield>
    <subfield code="c">Shahenda Ahmad Ramez ; Supervised Mona Mohamed Soliman , Maha Fadel Mohamed Ali , Faisal Nour Eldeen Mohamed</subfield>
  </datafield>
  <datafield tag="246" ind1="1" ind2="5">
    <subfield code="a">&#x62A;&#x642;&#x64A;&#x64A;&#x646; &#x627;&#x644;&#x62A;&#x648;&#x635;&#x64A;&#x644; &#x627;&#x644;&#x645;&#x648;&#x636;&#x639;&#x649; &#x644;&#x644;&#x645;&#x64A;&#x62B;&#x648;&#x62A;&#x631;&#x64A;&#x643;&#x633;&#x627;&#x62A; &#x645;&#x639; &#x627;&#x644;&#x625;&#x631;&#x628;&#x64A;&#x648;&#x645; &#x64A;&#x627;&#x62C; &#x644;&#x64A;&#x632;&#x631; &#x627;&#x644;&#x645;&#x62C;&#x632;&#x623; &#x641;&#x649; &#x639;&#x644;&#x627;&#x62C; &#x627;&#x644;&#x635;&#x62F;&#x641;&#x64A;&#x629; &#x627;&#x644;&#x644;&#x648;&#x64A;&#x62D;&#x64A;&#x629; </subfield>
  </datafield>
  <datafield tag="260" ind1=" " ind2=" ">
    <subfield code="a">Cairo : </subfield>
    <subfield code="b">Shahenda Ahmad Ramez , </subfield>
    <subfield code="c">2018</subfield>
  </datafield>
  <datafield tag="300" ind1=" " ind2=" ">
    <subfield code="a">88 P. : </subfield>
    <subfield code="b">charts , facsimiles , photoghraphs ; </subfield>
    <subfield code="c">25cm </subfield>
  </datafield>
  <datafield tag="502" ind1=" " ind2=" ">
    <subfield code="a">Thesis (Ph.D.) - Cairo University - National Institute of Enhanced Laser Sciences - Department of Laser Applications in Medical and Biological</subfield>
  </datafield>
  <datafield tag="520" ind1=" " ind2=" ">
    <subfield code="a">Psoriasis is a commonly encountered chronic dermatological disease, presenting with inflammatory symptoms in patients. Systemic treatment of psoriasis is associated with several adverse effects; therefore the development of a customized topical treatment modality for psoriasis would be an interesting alternative to systemic delivery. The therapeutic modality explored in this study was the comparative treatment of psoriatic patients using nanoparticulated methotrexate in the form of jojoba oil based microemulsion with or without fractional erbium YAG laser. Assessment parameters included follow up photography for up to 8 weeks of treatment, estimation of the psoriasis severity score of the treated lesions which is the score of thickness, erythema, scales (TES score), and histopathological skin evaluation. Results revealed that the prepared methotrexate microemulsion was clinically beneficial and safe in treatment of psoriasis vulgaris. The concomitant use of the fractional laser provided improvement in the psoriatic plaques within shorter time duration (3 weeks compared to 8 weeks of treatment), presenting an alternative topical treatment modality for psoriasis vulgaris</subfield>
  </datafield>
  <datafield tag="530" ind1=" " ind2=" ">
    <subfield code="a">Issued also as CD</subfield>
  </datafield>
  <datafield tag="653" ind1=" " ind2="4">
    <subfield code="a">Methotrexate </subfield>
  </datafield>
  <datafield tag="653" ind1=" " ind2="4">
    <subfield code="a">Nanocarrier </subfield>
  </datafield>
  <datafield tag="653" ind1=" " ind2="4">
    <subfield code="a">Psoriasis</subfield>
  </datafield>
  <datafield tag="700" ind1="0" ind2=" ">
    <subfield code="a">Faisal Nour Eldeen Mohamed , </subfield>
    <subfield code="e">Supervisor</subfield>
  </datafield>
  <datafield tag="700" ind1="0" ind2=" ">
    <subfield code="a">Maha Fadel Mohamed Ali , </subfield>
    <subfield code="e">Supervisor</subfield>
  </datafield>
  <datafield tag="700" ind1="0" ind2=" ">
    <subfield code="a">Mona Mohamed Soliman , </subfield>
    <subfield code="e">Supervisor</subfield>
  </datafield>
  <datafield tag="856" ind1=" " ind2=" ">
    <subfield code="u">http://172.23.153.220/th.pdf</subfield>
  </datafield>
  <datafield tag="905" ind1=" " ind2=" ">
    <subfield code="a">Nazla</subfield>
    <subfield code="e">Revisor</subfield>
  </datafield>
  <datafield tag="905" ind1=" " ind2=" ">
    <subfield code="a">Shimaa</subfield>
    <subfield code="e">Cataloger</subfield>
  </datafield>
  <datafield tag="942" ind1=" " ind2=" ">
    <subfield code="2">ddc</subfield>
    <subfield code="c">TH</subfield>
  </datafield>
  <datafield tag="999" ind1=" " ind2=" ">
    <subfield code="c">71801</subfield>
    <subfield code="d">71801</subfield>
  </datafield>
  <datafield tag="952" ind1=" " ind2=" ">
    <subfield code="2">ddc</subfield>
    <subfield code="7">0</subfield>
    <subfield code="a">CUCL</subfield>
    <subfield code="b">cl210</subfield>
    <subfield code="d">2024-02-11</subfield>
    <subfield code="o">Cai01.24.03.Ph.D.2018.Sh.E</subfield>
    <subfield code="p">01010110077987000</subfield>
    <subfield code="r">2023-09-22 00:00:00</subfield>
    <subfield code="y">TH</subfield>
  </datafield>
  <datafield tag="952" ind1=" " ind2=" ">
    <subfield code="2">ddc</subfield>
    <subfield code="7">0</subfield>
    <subfield code="a">CUCL</subfield>
    <subfield code="b">cl2u8</subfield>
    <subfield code="d">2024-02-11</subfield>
    <subfield code="o">Cai01.24.03.Ph.D.2018.Sh.E</subfield>
    <subfield code="p">01020110077987000</subfield>
    <subfield code="r">2023-09-22 00:00:00</subfield>
    <subfield code="t">77987.CD     </subfield>
    <subfield code="y">CD</subfield>
  </datafield>
</record>
